Mundo del fin del mundo /

Guardado en:
Autor Principal: Sepúlveda, Luis
Formato: Libro
Publicado: España : Tusquets
Edición:6a. ed.
Series:Colección andanzas; No. 209
Materias:
Etiquetas: Agregar Etiqueta
Sin Etiquetas, Sea el primero en etiquetar este registro!
LEADER 00666nam a22002415a 4500
001 CEM.cems011514
005 20070919161053.0
008 130507b######################000#0#####d
003 CEMS
020 |a 8472234193 
082 0 4 |a CH863.4 
100 1 |a Sepúlveda, Luis 
245 1 0 |a Mundo del fin del mundo /  |c Luis Sepúlveda 
250 |a 6a. ed. 
260 |a España :  |b Tusquets 
300 |a 145 p. 
490 0 |a Colección andanzas; No. 209 
653 |a Literatura 
653 |a Literatura chilena-siglo 20 
653 |a Novelas 
653 |a Novelas juveniles 
653 |a Literatura juvenil 
859 |a CEMS  |b BIB. CEMS - 11 de abril  |h CH863.4  |i Se63a6  |p 22473.04  |t Ej.1